Entry Personal Name
Number of records used in: 1
001 - CONTROL NUMBER
003 - CONTROL NUMBER IDENTIFIER
005 - DATE AND TIME OF LATEST TRANSACTION
- control field:
20200517101658.0
008 - FIXED-LENGTH DATA ELEMENTS
- fixed length control field:
200517|| aca||aabn | a|a d
040 ## - CATALOGING SOURCE
- Original cataloging agency:
OSt
- Transcribing agency:
OSt
100 ## - HEADING--PERSONAL NAME
- Personal name:
SINGH ,G.K
670 ## - SOURCE DATA FOUND
- Source citation:
Work cat.: (OSt): SINGH ,G.K, Textbook of Pharmacognosy ( as per education19910, 2018